| Tag |
First Indicator |
Second Indicator |
Subfields |
| LEADER |
00000cam a2200000 a 4500 |
| 001 |
in00002083621 |
| 005 |
20151102144126.0 |
| 008 |
010312s2001 enka 000 0 eng |
| 015 |
|
|
|a GBA1-Y8918
|
| 020 |
|
|
|a 0500976007
|
| 029 |
0 |
|
|a UKM
|b bA1Y8918
|
| 035 |
|
|
|a (OCoLC)ocm46432069
|
| 040 |
|
|
|a UKM
|c UKM
|d OCLCQ
|d TXA
|d UtOrBLW
|
| 043 |
|
|
|a a-th---
|
| 049 |
|
|
|a TXAM
|
| 082 |
0 |
4 |
|a 745.512095930903
|2 21
|
| 090 |
|
|
|a NK9924.T5
|b C48 2001
|
| 100 |
0 |
|
|a Čhunlathat Phayākharānon.
|
| 245 |
1 |
0 |
|a Thai mother-of-pearl inlay /
|c Julthusana Byachrananda.
|
| 264 |
|
1 |
|a London :
|b Thames & Hudson,
|c 2001.
|
| 300 |
|
|
|a 183 pages :
|b color illustrations ;
|c 22 x 25 cm.
|
| 336 |
|
|
|a text
|b txt
|2 rdacontent
|
| 337 |
|
|
|a unmediated
|b n
|2 rdamedia
|
| 338 |
|
|
|a volume
|b nc
|2 rdacarrier
|
| 650 |
|
0 |
|a Marquetry
|z Thailand.
|
| 650 |
|
0 |
|a Mother-of-pearl
|z Thailand.
|
| 650 |
|
0 |
|a Decoration and ornament
|z Thailand.
|
| 948 |
|
|
|a cataloged
|b h
|c 2005/11/1
|d c
|e ceaton
|f 4:29:00 pm
|
| 994 |
|
|
|a C0
|b TXA
|
| 999 |
|
|
|a MARS
|
| 999 |
f |
f |
|s d4440147-25d0-3832-b01e-9b27fd209f75
|i 3e9fd828-8f14-36f9-a3ac-0a4da21cb0c3
|t 0
|
| 952 |
f |
f |
|p normal
|a Texas A&M University
|b College Station
|c Sterling C. Evans Library
|s Evans stk
|d Evans: Library Stacks
|t 0
|e NK9924.T5 C48 2001
|h Library of Congress classification
|i unmediated -- volume
|m A14833079352
|
| 998 |
f |
f |
|a NK9924.T5 C48 2001
|t 0
|l Evans: Library Stacks
|